[Event "Druzynowe Mistrzostwa Polski II Liga"]
[Site "Szklarska Poreba"]
[Date "1899-12-30"]
[Round "6.96"]
[White "Cichocka, Katarzyna"]
[Black "Mackiewicz, Anna"]
[Result "1/2-1/2"]
[WhiteTitle "I++"]
[BlackTitle "k+"]
[WhiteElo "1608"]
[BlackElo "1945"]

1. e4 e5 2. Nf3 d5 3. exd5 e4 4. Qe2 Be7 5. Qxe4 Nf6 6. Qa4+ Nbd7 7. c4 O-O 8.
Be2 Re8 9. O-O Bc5 10. Nc3 Ne5 11. b4 Nxf3+ 12. Bxf3 Bd4 13. Bb2 Bg4 14. Qd1 Ne4
15. Nxe4 Bxb2 16. Rb1 Rxe4 17. Bxg4 Be5 18. Re1 Rxe1+ 19. Qxe1 Qf6 20. Rb3 Qf4
21. g3 Qxg4 22. Qxe5 Qxc4 23. d6 cxd6 24. Qxd6 h6 25. Qd7 Qa6 26. a3 Qb6 27. Rd3
a5 28. Qd6 Qb5 29. Qd5 Qb6 30. bxa5 Rxa5 31. Qd8+ Qxd8 32. Rxd8+ Kh7 33. Rd3 Kg6
34. f3 Kf5 35. Kf2 Ke5 36. Rb3 b5 37. Ke3 f5 38. d4+ Kd5 39. Kd3 h5 40. Rc3 g6
41. Ke3 Kd6 42. Kf4 Kd5 43. Ke3 1/2-1/2

[Event "Druzynowe Mistrzostwa Polski II Liga"]
[Site "Szklarska Poreba"]
[Date "1899-12-30"]
[Round "6.97"]
[White "Maciejewski, Waldemar"]
[Black "Gierulski, Kamil"]
[Result "0-1"]
[WhiteTitle "k"]
[BlackTitle "k+"]
[WhiteElo "2107"]
[BlackElo "2219"]

1. c4 c5 2. Nc3 Nc6 3. g3 g6 4. Bg2 Bg7 5. Nf3 e6 6. O-O Nge7 7. d3 O-O 8. Be3
d6 9. d4 Nf5 10. d5 Nxe3 11. fxe3 exd5 12. cxd5 Ne5 13. Nxe5 Bxe5 14. Qd2 h5 15.
Qe1 b5 16. Nxb5 Qb6 17. a4 a6 18. Na3 Qxb2 19. Nc4 Qxa1 20. Qxa1 Bxa1 21. Rxa1
Rd8 22. Rb1 Kf8 23. Rb6 Ke7 24. Na5 Rd7 25. e4 f6 26. Kf2 g5 27. Ke3 Rc7 28. Nc6+
Kd7 29. e5 fxe5 30. Nxe5+ dxe5 31. d6 Rca7 32. Bc6+ Kd8 33. Ke4 Bd7 34. Bxa8 Rxa8
35. Kxe5 Bxa4 36. e4 c4 37. Kd4 Rc8 38. Kc3 Kd7 39. Rxa6 Bc6 40. e5 Ke6 41. h4
g4 42. Ra7 Kxe5 43. Rh7 Kxd6 44. Rh6+ Ke5 45. Kxc4 Ke4 46. Rf6 Bd5+ 47. Kb4 Ke3
48. Rf5 Bf3 49. Rxh5 Kf2 50. Rg5 Kxg3 51. h5 Kf2 52. h6 Rh8 0-1

[Event "Druzynowe Mistrzostwa Polski II Liga"]
[Site "Szklarska Poreba"]
[Date "1899-12-30"]
[Round "6.98"]
[White "Ziemniak, Piotr"]
[Black "Koszkul, Wojciech"]
[Result "1/2-1/2"]
[WhiteTitle "I"]
[BlackTitle "I++"]
[WhiteElo "1801"]
[BlackElo "2058"]

1. e4 c6 2. d4 d5 3. Nc3 Nf6 4. e5 Nfd7 5. Bd3 e6 6. Nf3 c5 7. dxc5 Bxc5 8. O-O
Nc6 9. Re1 a6 10. a3 Be7 11. b4 O-O 12. b5 axb5 13. Nxb5 b6 14. c4 dxc4 15. Bxc4
Ndxe5 16. Be2 Qxd1 17. Rxd1 Ba6 18. Nxe5 Nxe5 19. a4 Bc5 20. Bb2 Ng6 21. Bf3 Rad8
22. Rac1 Nf4 23. Bd4 Bxb5 24. Bxc5 Rxd1+ 25. Bxd1 Nd3 26. Bxf8 Nxc1 27. Ba3 Ne2+
28. Bxe2 Bxe2 29. Bb2 Bd1 30. Bd4 Bxa4 31. Bxb6 Kf8 32. Bc5+ Ke8 33. h4 Kd7 34.
f4 f6 35. Bf8 g6 36. Kf2 e5 37. fxe5 fxe5 38. g3 Ke6 39. Bh6 Kf5 40. Bg5 Bc6 41.
Bh6 Ke4 42. Bg5 Bd7 43. Bh6 Bg4 44. Bg5 h5 1/2-1/2

[Event "Druzynowe Mistrzostwa Polski II Liga"]
[Site "Szklarska Poreba"]
[Date "1899-12-30"]
[Round "6.99"]
[White "Kmiecik, Wojciech"]
[Black "Wozniak, Grzegorz"]
[Result "1/2-1/2"]
[WhiteTitle "I+"]
[BlackTitle "I"]
[WhiteElo "1984"]
[BlackElo "1694"]

1. d4 d5 2. c4 dxc4 3. e3 Nf6 4. Nc3 e6 5. Nf3 c5 6. Bxc4 Nc6 7. O-O a6 8. a3 Be7
9. dxc5 Qxd1 10. Rxd1 Bxc5 11. b4 Be7 12. Nd4 Nxd4 13. exd4 b5 14. Bb3 Bb7 15.
Bf4 Rc8 16. Rac1 O-O 17. f3 Rfd8 18. Kf2 h6 19. Ne2 Bd5 20. Rxc8 Rxc8 21. Rc1
Rxc1 22. Nxc1 Bxb3 23. Nxb3 Nd5 24. Bd2 Kf8 25. Ke2 Ke8 26. Nc5 Bxc5 27. dxc5
Kd7 28. Kd3 Ne7 29. g4 Nc6 30. Ke4 f6 31. h4 Ne5 32. g5 hxg5 33. hxg5 Nc6 34.
Kf4 Ke7 35. Bc3 Kf7 36. gxf6 gxf6 37. Ke4 Kg6 38. Kf4 Kf7 39. Kg4 Kg6 40. Bb2
e5 41. Bc3 f5+ 42. Kh4 Kf7 43. Kg5 Ke6 44. Bb2 Ne7 45. Bc3 e4 46. fxe4 fxe4 47.
Be1 Nc6 48. Kf4 Kd5 49. Ke3 Ne5 50. Bc3 Nc4+ 51. Kf4 Nxa3 52. c6 Kxc6 53. Kxe4
Nc4 54. Be1 Nd6+ 55. Kd4 Nb7 56. Ke4 Nd6+ 57. Kd4 Nf5+ 58. Ke4 Ng7 59. Kd4 Ne6+
60. Ke4 Ng5+ 61. Kf4 Nf7 62. Ke4 Nd8 63. Ke5 a5 64. bxa5 Kb7 65. Kd5 Ka6 66. Kd4
Nc6+ 67. Kc3 Kxa5 68. Kb3+ Kb6 69. Bf2+ Kc7 70. Bc5 Na5+ 71. Kb4 Kc6 72. Bf2 Nc4
73. Bd4 Nd6 74. Be5 Nf5 75. Bc3 Ne7 76. Bd2 Nd5+ 77. Kb3 Kc5 78. Bh6 1/2-1/2

[Event "Druzynowe Mistrzostwa Polski II Liga"]
[Site "Szklarska Poreba"]
[Date "1899-12-30"]
[Round "6.100"]
[White "Nowakowski, Jacek"]
[Black "Guziewicz, Wojciech"]
[Result "1-0"]
[WhiteTitle "II+"]
[BlackTitle "I"]
[WhiteElo "1583"]
[BlackElo "1836"]

1. c4 Nf6 2. Nc3 e5 3. d3 Nc6 4. Nf3 d5 5. cxd5 Nxd5 6. Bd2 Be7 7. g3 O-O 8. Bg2
Re8 9. O-O Nf6 10. a3 Rb8 11. b4 a6 12. Rc1 Bd6 13. Re1 Be6 14. Na4 Nd4 15. Nxd4
exd4 16. Nc5 Bd5 17. Bg5 Be7 18. Bxf6 Bxf6 19. Bxd5 Qxd5 20. Qb3 Qxb3 21. Nxb3
c6 22. Rc4 Rbd8 23. Kf1 Re7 24. Rec1 g6 25. Rc5 h5 26. Nd2 Re6 27. Ne4 Bg7 28.
R5c4 Re7 29. R1c2 f5 30. Ng5 Bf6 31. Nf3 g5 32. Rc5 Rd5 33. Rxd5 cxd5 34. Rc5
Rd7 35. Kg2 Kg7 36. Nd2 Kf7 37. Nb3 Ke6 38. Rc8 Be7 39. Nxd4+ Kf6 40. Nb3 Bd6
41. d4 Rh7 42. Nc5 h4 43. Rd8 h3+ 44. Kf1 Bxc5 45. bxc5 Re7 46. Rxd5 g4 47. Rd6+
Kg5 48. Rb6 Rc7 49. e3 f4 50. gxf4+ Kf5 51. Ke2 Rg7 52. a4 Ke4 53. Re6+ Kd5 54.
Re5+ Kc4 55. a5 Kb4 56. f5 g3 57. fxg3 Rxg3 58. f6 Rg2+ 59. Kf3 Rg8 60. Rf5 Rf8
61. f7 1-0

[Event "Druzynowe Mistrzostwa Polski II Liga"]
[Site "Szklarska Poreba"]
[Date "1899-12-30"]
[Round "6.101"]
[White "Kmiecik, Emilia"]
[Black "Augustyn, Jan"]
[Result "1-0"]
[WhiteTitle "I+"]
[BlackTitle "II"]
[WhiteElo "1786"]
[BlackElo "1728"]

1. d4 d5 2. c4 c6 3. e3 Nf6 4. Nc3 e6 5. Nf3 Nbd7 6. Be2 dxc4 7. Bxc4 b5 8. Bd3
Bd6 9. O-O Bb7 10. e4 e5 11. Bg5 b4 12. Na4 h6 13. Bh4 exd4 14. Nxd4 Qc7 15. Bg3
Bxg3 16. hxg3 Ne5 17. f4 Nxd3 18. Qxd3 Qa5 19. Nf5 O-O 20. Qc2 g6 21. Nxh6+ Kg7
22. e5 Nd5 23. Nf5+ Kg8 24. Nd6 Ba6 25. Rfe1 Nb6 26. Nc5 Nc4 27. Nxa6 Nxd6 28.
exd6 Qxa6 29. Qc5 Qb6 30. Rac1 Rac8 31. Kh2 Qxc5 32. Rxc5 Rfd8 33. Rd1 Rd7 34.
Rd4 Kg7 35. g4 f6 36. Kg3 Kf7 37. f5 g5 38. Rxb4 Rxd6 39. Rb7+ Ke8 40. Rxa7 Rd3+
41. Kh2 Rd2 42. b3 Rd7 43. Rxd7 Kxd7 44. Ra5 Kd6 45. Kg3 Rb8 46. Kf3 Rb4 47. Ra8
Rf4+ 48. Kg3 Re4 49. Ra7 Re2 50. Kf3 Rc2 51. Rf7 Kd5 52. Rxf6 Rc3+ 53. Kf2 Rc2+
54. Kg3 Rc3+ 55. Kh2 Rc2 56. Rg6 Rxa2 57. Rxg5 Rb2 58. f6+ Kd6 59. Rf5 Rxb3 60.
f7 1-0

[Event "Druzynowe Mistrzostwa Polski II Liga"]
[Site "Szklarska Poreba"]
[Date "1899-12-30"]
[Round "6.102"]
[White "Polak, Sylwia"]
[Black "Sandor, Aleksandra"]
[Result "0-1"]
[WhiteTitle "I"]
[BlackTitle "I++"]
[WhiteElo "1371"]
[BlackElo "1905"]

1. d4 Nf6 2. c4 c6 3. Nc3 d5 4. e3 g6 5. Nf3 Bg7 6. Be2 O-O 7. O-O Bg4 8. b3 Nbd7
9. Bb2 Re8 10. Rc1 dxc4 11. Bxc4 e5 12. dxe5 Bxf3 13. Qxf3 Nxe5 14. Qd1 Nxc4 15.
bxc4 Qc7 16. Qb3 Ng4 17. g3 Ne5 18. Rfd1 Rad8 19. Rxd8 Rxd8 20. Rd1 Rxd1+ 21.
Nxd1 Nf3+ 22. Kg2 Ng5 23. Bxg7 Kxg7 24. Qc3+ Kg8 25. Qf6 Ne4 26. Qd4 Nd6 27. Nc3
a6 28. c5 Nb5 29. Qc4 Nxc3 30. Qxc3 b5 31. cxb6 Qxb6 32. Qc4 c5 33. e4 Qb5 34.
Qd5 c4 35. Qd8+ Kg7 36. Qe7 c3 37. e5 Kg8 38. Qd6 Kg7 39. Qf6+ c2 0-1

[Event "Druzynowe Mistrzostwa Polski II Liga"]
[Site "Szklarska Poreba"]
[Date "1899-12-30"]
[Round "7.1"]
[White "Kolago, Marcin"]
[Black "Kislinsky, Alexey"]
[Result "1/2-1/2"]
[WhiteTitle "m"]
[BlackTitle "GM"]
[WhiteElo "2347"]
[BlackElo "2505"]

1. c4 g6 2. Nc3 Bg7 3. g3 e5 4. Bg2 d6 5. e3 h5 6. Nf3 Nd7 7. d4 Ne7 8. b3 O-O
9. Bb2 Nf5 10. dxe5 dxe5 11. Qd2 Re8 12. Ne4 Qe7 13. Qc3 a5 14. a4 Nc5 15. Nfd2
Ne6 16. Ba3 Qd8 17. O-O-O Bd7 18. Nf3 Qc8 19. Bb2 Bc6 20. Nfd2 Rd8 21. Rhg1 Rd7
22. Qc2 Qf8 23. h3 Rad8 24. g4 hxg4 25. hxg4 Nh4 26. Bh1 Rd3 27. Nc3 Nc5 28. Nde4
Bxe4 29. Bxe4 Rxd1+ 30. Rxd1 c6 31. Rh1 Bf6 32. f4 exf4 33. exf4 Qd6 34. Rf1 Ne6
35. Qf2 Qb4 36. Nd1 Nc5 37. Bc2 Bxb2+ 38. Kxb2 Rd2 39. Qe3 Rd8 40. Nc3 Ng2 41.
Qe2 b5 42. Qe5 Nxb3 43. Bxb3 bxc4 44. Rh1 Qxb3+ 45. Ka1 Qa3+ 46. Kb1 f6 47. Qxf6
Rb8+ 48. Nb5 Qb3+ 49. Kc1 Qe3+ 50. Kb1 Qb3+ 51. Kc1 Qe3+ 1/2-1/2

[Event "Druzynowe Mistrzostwa Polski II Liga"]
[Site "Szklarska Poreba"]
[Date "1899-12-30"]
[Round "7.2"]
[White "Grabarczyk, Miroslaw"]
[Black "Wiewiora, Eneasz"]
[Result "1/2-1/2"]
[WhiteTitle "GM"]
[BlackTitle "FM"]
[WhiteElo "2422"]
[BlackElo "2325"]

1. d4 d5 2. c4 e6 3. Nf3 Nf6 4. g3 Be7 5. Bg2 O-O 6. O-O dxc4 7. Qc2 a6 8. a4 Bd7
9. Qxc4 Bc6 10. Bf4 Bd6 11. Bg5 Nbd7 12. Nc3 h6 13. Bxf6 Nxf6 14. Rfd1 a5 15.
Qd3 Bxf3 16. Qxf3 c6 17. e4 Bb4 18. d5 cxd5 19. exd5 exd5 20. Nxd5 Nxd5 21. Rxd5
Qc7 22. Rad1 Rad8 23. Rxd8 Rxd8 24. Rxd8+ Qxd8 25. Qxb7 Qd1+ 26. Bf1 g6 27. Qe4
Qd6 28. Qf3 Kg7 29. Bc4 Qf6 30. Qxf6+ Kxf6 1/2-1/2

[Event "Druzynowe Mistrzostwa Polski II Liga"]
[Site "Szklarska Poreba"]
[Date "1899-12-30"]
[Round "7.3"]
[White "Mulet, Piotr"]
[Black "Aliavdin, Nikolai"]
[Result "0-1"]
[WhiteTitle "FM"]
[BlackTitle "IM"]
[WhiteElo "2323"]
[BlackElo "2342"]

1. c4 e5 2. Nc3 Nf6 3. g3 d5 4. cxd5 Nxd5 5. Bg2 Nb6 6. Nf3 Nc6 7. O-O Be7 8. d3
O-O 9. Be3 Re8 10. Rc1 Bf8 11. a4 a5 12. Nb5 Nd5 13. Bc5 Bxc5 14. Rxc5 Ndb4 15.
Qc1 Bg4 16. h3 Bh5 17. Re1 Qe7 18. g4 Bg6 19. Rc4 Rad8 20. Qe3 Nd5 21. Qc5 Nb6
22. Qxe7 Rxe7 23. Rcc1 Nxa4 24. Nh4 Nd4 25. Nxc7 Rc8 26. Nd5 Rxc1 27. Nxe7+ Kf8
28. Nexg6+ hxg6 29. Kf1 Rxe1+ 30. Kxe1 b6 31. e3 Ne6 32. Bd5 Nc7 33. Bb3 Nxb2
34. Kd2 a4 35. Bc2 Nd5 36. Nf3 f6 37. Ne1 b5 38. e4 a3 39. Bb3 Nf4 40. h4 Na4
41. Bxa4 a2 42. Nc2 bxa4 43. Kc3 Nh3 44. Kb2 Nxf2 45. Ne1 Nxg4 46. Kxa2 Ke7 47.
Ka3 Kd6 48. Kxa4 Kc5 49. Kb3 Kd4 50. Kc2 Ke3 51. Kc3 Nh2 52. Nc2+ Kf4 53. Nb4
Nf3 54. Nd5+ Kg4 55. Ne7 Nxh4 56. d4 exd4+ 57. Kxd4 g5 58. Ke3 Kh3 59. Kf2 g4
60. Nd5 g3+ 0-1

[Event "Druzynowe Mistrzostwa Polski II Liga"]
[Site "Szklarska Poreba"]
[Date "1899-12-30"]
[Round "7.4"]
[White "Jedryczka, Krystian"]
[Black "Jaroch, Karol"]
[Result "1/2-1/2"]
[WhiteTitle "m"]
[BlackTitle "m"]
[WhiteElo "2208"]
[BlackElo "2200"]

1. c4 e6 2. e3 Nf6 3. a3 b6 4. Nf3 Bb7 5. Nc3 Be7 6. Be2 d5 7. cxd5 exd5 8. d4
O-O 9. O-O Nbd7 10. b4 c6 11. b5 cxb5 12. Bxb5 a6 13. Bxd7 Qxd7 14. Qb3 b5 15.
Rb1 Rab8 16. Ne5 Qe6 17. Bd2 Bd6 18. Nf3 Qe7 19. Na2 Rfc8 20. Bb4 Ne4 21. Rfc1
Rc4 22. Qb2 f6 23. Nd2 Nxd2 24. Qxd2 Qc7 25. h3 Rc8 26. Kf1 Qd7 27. Nc3 Qe7 28.
Ne2 R8c7 29. Kg1 Bc8 30. Nf4 Bxb4 31. axb4 Qd6 32. Ne2 Bf5 33. Rb2 R7c6 34. Rxc4
Rxc4 35. Nc1 h6 36. Kh1 Kf8 37. Kg1 Ke7 38. Kh1 Kd8 39. Kg1 Kc7 40. Kh1 Kb6 41.
Kg1 g5 42. f3 h5 43. Ne2 h4 44. Qe1 Qc7 45. Rb3 Bc2 46. Rc3 Rxc3 47. Nxc3 Qc4
48. Qd2 Bg6 49. e4 Bf7 50. Ne2 dxe4 51. fxe4 Qa2 52. Qc1 Qc4 53. Qd2 Qa2 54. Qc1
Qc4 1/2-1/2

[Event "Druzynowe Mistrzostwa Polski II Liga"]
[Site "Szklarska Poreba"]
[Date "1899-12-30"]
[Round "7.5"]
[White "Samborski, Henryk"]
[Black "Gawronski, Miroslaw"]
[Result "0-1"]
[WhiteTitle "k"]
[BlackTitle "k+"]
[WhiteElo "2093"]
[BlackElo "2041"]

1. e4 c5 2. Nf3 e6 3. d3 Nc6 4. g3 b5 5. Bg2 Bb7 6. O-O d6 7. e5 d5 8. Re1 Qc7
9. h4 Nge7 10. Nbd2 a5 11. Nf1 b4 12. c3 Ba6 13. h5 h6 14. N1h2 Nc8 15. Bf4 Nb6
16. Ng4 a4 17. cxb4 Nxb4 18. Bf1 Be7 19. Qd2 Bb5 20. b3 Qd7 21. d4 Bxf1 22. Kxf1
Qb5+ 23. Kg2 c4 24. Rab1 cxb3 25. axb3 a3 26. Red1 Kd7 27. Ne1 Rhc8 28. Rdc1 a2
29. Ra1 Rxc1 30. Qxc1 Qe2 31. Ne3 Rc8 32. Qd1 Qb2 33. Nf3 Nd3 34. Qxd3 Qxa1 35.
Qb5+ Rc6 36. Nxd5 Nxd5 37. Qb7+ Rc7 38. Qb5+ Kd8 39. Nd2 Qxd4 0-1

[Event "Druzynowe Mistrzostwa Polski II Liga"]
[Site "Szklarska Poreba"]
[Date "1899-12-30"]
[Round "7.6"]
[White "Leszner, Liliana"]
[Black "Richterova, Natasa"]
[Result "1/2-1/2"]
[WhiteTitle "WIM"]
[BlackTitle "WIM"]
[WhiteElo "2055"]
[BlackElo "2188"]

1. e4 d5 2. exd5 Qxd5 3. Nc3 Qa5 4. Nf3 Nf6 5. d4 Bf5 6. Bd2 c6 7. Bc4 e6 8. Nh4
Bg6 9. Nxg6 hxg6 10. Qe2 Qh5 11. O-O-O Qxe2 12. Bxe2 Bd6 13. h3 Nbd7 14. Rhe1
O-O-O 15. Bf3 Nb6 16. Bg5 Rd7 17. Ne2 Nfd5 18. Kb1 Be7 19. Bxe7 Nxe7 20. c3 Nbd5
21. Nc1 Nf5 22. Nd3 Nf6 23. Ne5 Rc7 24. b4 Nd5 25. Kb2 Nh4 26. Re4 g5 27. g3 Nxf3
28. Nxf3 Rxh3 29. Nxg5 Rh5 30. Nf3 Rf5 31. Rd3 b5 32. g4 Rf4 33. Rxf4 Nxf4 34.
Rd1 Nh3 35. Rd2 g5 36. Kb3 f6 37. Re2 Nf4 38. Re3 Rh7 39. Nd2 Kd7 40. Ne4 Ke7
41. a4 Rh1 42. axb5 cxb5 43. Nc5 Rb1+ 44. Kc2 Rf1 45. f3 Kf7 46. Ne4 Nd5 47. Rd3
Ke7 48. Ng3 Rf2+ 49. Kb3 Nb6 50. Ne4 Rh2 51. Nd2 Nd5 52. Nf1 Rf2 53. Ng3 Rg2 54.
Ne4 Rh2 55. Rd1 Ne3 56. Ra1 Nc4 57. Rxa7+ Kf8 58. Ra2 Rxa2 59. Kxa2 Kg7 60. Kb3
Kg6 61. Kc2 f5 62. gxf5+ exf5 63. Nf2 Kh5 64. Kd3 Kh4 65. d5 Kg3 66. Ke2 Nd6 67.
Ke3 Nc4+ 68. Ke2 Nd6 69. Nd1 Kf4 70. Ne3 Ke5 71. Kd3 f4 72. Ng4+ Kxd5 73. Nf6+
Ke5 74. Ng4+ Kd5 75. Nf6+ Ke5 76. Ke4+ 1/2-1/2

[Event "Druzynowe Mistrzostwa Polski II Liga"]
[Site "Szklarska Poreba"]
[Date "1899-12-30"]
[Round "7.7"]
[White "Zylka, Stanislaw"]
[Black "Kumala, Aleksander"]
[Result "1/2-1/2"]
[WhiteTitle "FM"]
[BlackTitle "k"]
[WhiteElo "2344"]
[BlackElo "2215"]

1. d4 Nf6 2. Nf3 e6 3. g3 b5 4. Bg5 d5 5. Bg2 Nbd7 6. a4 b4 7. c4 bxc3 8. bxc3
c5 9. O-O Be7 10. Nbd2 O-O 11. Rb1 Ba6 12. Re1 Rb8 13. Rxb8 Qxb8 14. e4 dxe4 15.
Ne5 Nxe5 16. dxe5 Qxe5 17. Nxe4 Qc7 18. Nxf6+ Bxf6 19. Bxf6 gxf6 20. Qh5 Kh8 21.
Qh6 Qd8 22. Bf1 Bxf1 23. Rd1 Qa8 24. Qxf6+ Kg8 25. Qg5+ Kh8 26. Qf6+ Kg8 27. Qg5+
Kh8 28. Qf6+ 1/2-1/2

[Event "Druzynowe Mistrzostwa Polski II Liga"]
[Site "Szklarska Poreba"]
[Date "1899-12-30"]
[Round "7.8"]
[White "Kasperek, Ryszard"]
[Black "Tomaszewski, Kacper"]
[Result "0-1"]
[WhiteTitle "m"]
[BlackTitle "k"]
[WhiteElo "2133"]
[BlackElo "2221"]

1. e4 c6 2. d4 d5 3. e5 Bf5 4. Nf3 e6 5. Be2 Nd7 6. O-O Ne7 7. Nbd2 h6 8. Nb3 g5
9. a4 Bg7 10. a5 Qc7 11. Bd2 f6 12. Bb4 fxe5 13. Nxe5 Nxe5 14. dxe5 O-O-O 15.
Bd6 Rxd6 16. exd6 Qxd6 17. Nd4 Be5 18. a6 b6 19. Bg4 Bxh2+ 20. Kh1 Be5 21. Ra3
Rf8 22. Re3 Bxg4 23. Qxg4 Bxd4 24. Rxe6 Qd7 25. Rfe1 Bxf2 26. R1e2 Rf4 27. Qxf4
gxf4 28. Rxe7 Qg4 0-1

[Event "Druzynowe Mistrzostwa Polski II Liga"]
[Site "Szklarska Poreba"]
[Date "1899-12-30"]
[Round "7.9"]
[White "Walach, Marcin"]
[Black "Puczylowski, Marcin"]
[Result "1/2-1/2"]
[WhiteTitle "FM"]
[BlackTitle "k"]
[WhiteElo "2320"]
[BlackElo "2116"]

1. e4 c5 2. Nf3 Nc6 3. c3 Nf6 4. e5 Nd5 5. d4 cxd4 6. cxd4 d6 7. Bc4 Nb6 8. Bb5
dxe5 9. Nxe5 Bd7 10. Nxd7 Qxd7 11. Nc3 e6 12. O-O Be7 13. Qg4 O-O 14. Bxc6 bxc6
15. Bh6 Bf6 16. Rfd1 Kh8 17. Ne4 Qe7 18. Bf4 Rfd8 19. Nxf6 Qxf6 20. Be5 Qg6 21.
Qxg6 hxg6 22. Rac1 Rac8 23. Kf1 Rd5 24. Bg3 Kg8 25. Ke2 Kf8 26. Rd3 Ra5 27. Ra3
Rxa3 28. Bd6+ Ke8 29. Bxa3 Kd7 30. h4 f6 31. Rc3 Rh8 32. Rg3 Nd5 33. Rb3 Nb6 34.
g3 Re8 35. Bc5 Kc7 36. Re3 Nc4 37. Rc3 Nb6 38. Ra3 Kb7 39. Re3 Kc7 40. Re4 f5
41. Re3 a5 42. Ra3 Ra8 43. Bxb6+ Kxb6 44. Rb3+ Kc7 45. Kd3 Rd8 46. Kc4 Rd5 47.
f4 Rd8 48. Re3 Kd6 49. Re5 Rb8 50. b3 Rb4+ 51. Kc3 Rb5 52. Re1 Rb8 53. a3 Rb5
54. Kc4 Rb8 55. Re5 Ra8 56. Rc5 Ra7 57. Re5 Ra8 58. Re1 Ra7 59. Re3 Ra8 60. Re5
Ra7 61. Re1 Ra8 62. Re5 Ra7 63. Rc5 1/2-1/2

[Event "Druzynowe Mistrzostwa Polski II Liga"]
[Site "Szklarska Poreba"]
[Date "1899-12-30"]
[Round "7.10"]
[White "Kanarkiewicz, Michal"]
[Black "Wolynski, Krzysztof"]
[Result "1-0"]
[WhiteTitle "k"]
[BlackTitle "I++"]
[WhiteElo "2066"]
[BlackElo "2118"]

1. e4 c6 2. Nf3 d5 3. Nc3 Bg4 4. d4 e6 5. Be2 Nd7 6. O-O Bb4 7. e5 a6 8. a3 Be7
9. h3 Bh5 10. Be3 c5 11. g4 Bg6 12. dxc5 Bxc5 13. Nd4 Qh4 14. Kg2 Bxd4 15. Qxd4
h5 16. Rh1 Ne7 17. Qd2 f6 18. f3 Nc6 19. Rad1 Bf7 20. Ne4 dxe4 21. Qxd7+ Kf8 22.
Qxb7 Rd8 23. Qxc6 Rxd1 24. Rxd1 f5 25. g5 Kg8 26. f4 Kh7 27. Qc3 Be8 28. Rd6 Bb5
29. Bxb5 axb5 30. Qd2 Rc8 31. c3 b4 32. axb4 Kg6 33. Bf2 e3 34. Qxe3 1-0

[Event "Druzynowe Mistrzostwa Polski II Liga"]
[Site "Szklarska Poreba"]
[Date "1899-12-30"]
[Round "7.11"]
[White "Cieslak, Patrycjusz"]
[Black "Zurkowski, Andrzej"]
[Result "0-1"]
[WhiteTitle "I"]
[BlackTitle "k+"]
[WhiteElo "1988"]
[BlackElo "2048"]

1. e4 c5 2. Nf3 d6 3. d4 cxd4 4. Nxd4 Nc6 5. Nxc6 bxc6 6. Bd3 e5 7. O-O Be6 8.
b3 Be7 9. Nd2 Nf6 10. Bb2 O-O 11. h3 g6 12. f4 Nh5 13. f5 Bc8 14. Nc4 f6 15. Ba3
Kh8 16. Be2 Ng3 17. Nxd6 Nxe2+ 18. Qxe2 Bxd6 19. Bxd6 Qxd6 20. fxg6 hxg6 21. Rad1
Qc5+ 22. Kh1 Be6 23. Qd2 Kg7 24. Qd6 Qxd6 25. Rxd6 Kf7 26. Rxc6 Rfc8 27. Rxc8
Rxc8 28. Rf2 Rc3 29. Re2 Bd7 30. a4 Bc8 31. Kg1 Ke6 32. Kf2 f5 33. exf5+ gxf5
34. Ke1 Bb7 35. g4 f4 36. h4 Bf3 0-1

[Event "Druzynowe Mistrzostwa Polski II Liga"]
[Site "Szklarska Poreba"]
[Date "1899-12-30"]
[Round "7.12"]
[White "Murawko, Katarzyna"]
[Black "Cieslak, Wiktoria"]
[Result "1-0"]
[WhiteTitle "k"]
[BlackTitle "k++"]
[WhiteElo "1988"]
[BlackElo "1824"]

1. e4 c5 2. Nf3 a6 3. c4 e6 4. d4 cxd4 5. Nxd4 Nf6 6. Bd3 Nc6 7. Nb3 Qc7 8. Qe2
Bb4+ 9. Nc3 O-O 10. O-O Ne5 11. Bf4 d6 12. Rac1 b6 13. a3 Bxc3 14. Rxc3 Bb7 15.
Bb1 Rac8 16. Nd2 Rfd8 17. Bg3 Qc5 18. b4 Qc6 19. f4 Ng6 20. e5 dxe5 21. fxe5 Ng4
22. Nf3 Nh6 23. Ng5 Rd4 24. c5 Rcd8 25. Nf3 Rg4 26. Rd1 Rd5 27. Rxd5 Qxd5 28.
Rd3 Qc6 29. Rd8+ Nf8 30. Rd6 Qc7 31. c6 Bc8 32. Bd3 Nf5 33. Bxf5 exf5 34. Qd2
Be6 35. Nd4 b5 36. Nxe6 fxe6 37. Bf4 h6 38. h3 Rg6 39. Be3 Rg3 40. Qf2 Rg6 41.
Bb6 Qc8 42. Qc5 Qe8 43. Rd8 Rxg2+ 44. Kxg2 Qg6+ 45. Kh2 1-0

[Event "Druzynowe Mistrzostwa Polski II Liga"]
[Site "Szklarska Poreba"]
[Date "1899-12-30"]
[Round "7.13"]
[White "Marczuk, Dominik"]
[Black "Janaszak, Dawid"]
[Result "1-0"]
[WhiteTitle "k"]
[BlackTitle "FM"]
[WhiteElo "2258"]
[BlackElo "2382"]

1. f4 c5 2. Nf3 g6 3. g3 Bg7 4. Bg2 Nc6 5. d3 e6 6. O-O Nge7 7. c3 O-O 8. e4 b6
9. Nh4 f5 10. Na3 fxe4 11. dxe4 d5 12. exd5 exd5 13. f5 gxf5 14. Bg5 Qd7 15. Qh5
Ba6 16. Rfe1 Rae8 17. Rad1 d4 18. Bh6 Bxh6 19. Qxh6 Bb7 20. Nc4 Rd8 21. Re6 Qc7
22. Rde1 Rd7 23. Nd6 Nd8 24. Qg5+ Ng6 25. Nxg6 Nxe6 26. Ne7+ 1-0

[Event "Druzynowe Mistrzostwa Polski II Liga"]
[Site "Szklarska Poreba"]
[Date "1899-12-30"]
[Round "7.14"]
[White "Dudzinski, Piotr"]
[Black "Chmiel, Marcin"]
[Result "1/2-1/2"]
[WhiteTitle "FM"]
[BlackTitle "k"]
[WhiteElo "2341"]
[BlackElo "2250"]

1. e4 c5 2. Nf3 Nc6 3. c3 e5 4. Bc4 Qc7 5. d3 Be7 6. Nbd2 Nf6 7. Nf1 O-O 8. Ne3
d6 9. Bd5 Nxd5 10. Nxd5 Qd8 11. a3 a5 12. Qb3 a4 13. Qb6 f5 14. Qxd8 Bxd8 15.
Bg5 Bxg5 16. Nxg5 h6 17. Nf3 Ra5 18. Nd2 b5 19. exf5 Bxf5 20. Ne4 Rd8 21. O-O
Be6 22. Ne3 Ra7 23. f4 exf4 24. Rxf4 Rf7 25. Rxf7 Kxf7 26. Rd1 Ne7 27. d4 Nd5
28. Nxd5 Bxd5 29. Ng3 Bb3 30. Rd2 Re8 31. dxc5 dxc5 32. Nf5 Rb8 33. Rd6 Bc2 34.
Rd5 Ke6 35. Ne3 Rc8 36. Rd2 Be4 37. Ng4 Rc6 38. Kf2 h5 39. Ne3 Rc8 40. Kg3 Rf8
41. h4 Bc6 42. Rd1 Ke5 43. Rd2 Ke4 44. Nd1 Rf6 45. Rd8 Rf5 46. Rd6 Bd5 47. c4
Bxc4 48. Nc3+ Ke3 49. Nd1+ Ke4 50. Nc3+ Ke5 51. Rb6 Rf6 52. Rb8 Kd4 53. Nxb5+
Bxb5 54. Rxb5 Kc4 55. Ra5 Kb3 56. Rxc5 Kxb2 57. Rxh5 Kxa3 58. Rb5 Ka2 59. h5 a3
60. Rb7 Rh6 61. Kh4 g6 62. g4 gxh5 1/2-1/2

[Event "Druzynowe Mistrzostwa Polski II Liga"]
[Site "Szklarska Poreba"]
[Date "1899-12-30"]
[Round "7.15"]
[White "Gbyl, Andrzej"]
[Black "Dudzinski, Pawel"]
[Result "1/2-1/2"]
[WhiteTitle "k+"]
[BlackTitle "FM"]
[WhiteElo "2236"]
[BlackElo "2244"]

1. d4 f5 2. g3 Nf6 3. Bg2 g6 4. Nh3 Bg7 5. Nf4 d6 6. d5 c6 7. Nc3 O-O 8. h4 Qe8
9. Be3 Na6 10. h5 Nc7 11. hxg6 hxg6 12. Qd2 c5 13. O-O-O Ng4 14. Bf3 Ne5 15. b3
Kf7 16. Nh3 Rh8 17. Ng5+ Kg8 18. Rxh8+ Bxh8 19. Rh1 Nf7 20. Nd1 a5 21. c3 a4 22.
Nxf7 Qxf7 23. b4 b6 24. bxc5 bxc5 25. Bxc5 Nb5 26. Bb4 Ba6 27. g4 Rc8 28. Kb2
Rc4 29. a3 fxg4 30. Bg2 Bg7 1/2-1/2

[Event "Druzynowe Mistrzostwa Polski II Liga"]
[Site "Szklarska Poreba"]
[Date "1899-12-30"]
[Round "7.17"]
[White "Marczuk, Anna"]
[Black "Michalski, Filip"]
[Result "1-0"]
[WhiteTitle "k"]
[BlackTitle "k"]
[WhiteElo "1929"]
[BlackElo "2166"]

1. e4 d6 2. d4 Nf6 3. Nc3 e5 4. Nf3 Nbd7 5. Bc4 Be7 6. O-O O-O 7. Re1 c6 8. a4
a5 9. Bg5 Re8 10. Qd2 exd4 11. Qxd4 h6 12. Bf4 Nc5 13. Rad1 Be6 14. e5 dxe5 15.
Qxe5 Qb6 16. Bxe6 Nxe6 17. Bc1 Bc5 18. Qg3 Kh7 19. Ne5 Re7 20. Nxf7 Rxf7 21. Rxe6
Raf8 22. Re2 Kh8 23. Kh1 Nh5 24. Qg6 Nf4 25. Bxf4 Rxf4 26. Rd7 Bd4 27. Ne4 Qxb2
28. g3 R4f5 29. Kg2 Qa1 30. Rd2 Be5 31. f4 Qe1 32. Nf2 Bc3 33. R2d3 c5 34. Rxb7
Qa1 35. Rbd7 Qe1 36. Rb7 Qa1 37. Ne4 Bd4 38. Nf2 Bc3 39. Ne4 Bd4 40. Nf2 Bc3 41.
Nd1 Bd4 42. Rd7 Qxa4 43. R3xd4 Qxd4 44. Rxd4 cxd4 45. Qc6 Rd8 46. Nb2 Rb8 47.
Nd3 Rfb5 48. Qc4 R5b7 49. Qxd4 Ra8 50. Qa4 Rc7 51. c4 Rcc8 52. Ne5 Rc7 53. Kf2
Rb7 54. Nd3 Kh7 55. c5 g6 56. c6 Re7 57. Ne5 Rc7 58. Qc2 Rg8 59. Qc5 a4 60. Qa5
1-0